Регулируемый электропривод насосной станции; Современные техника и технологии

Bibliographic Details
Parent link:Современные техника и технологии.— 2000.— С. 294-296.
Main Author: Савков А. С.
Other Authors: Бурулько Л. К. Лев Кириллович
Language:Russian
Published: 2000
Subjects:
Format: Book Chapter
KOHA link:https://koha.lib.tpu.ru/cgi-bin/koha/opac-detail.pl?biblionumber=76551

MARC

LEADER 00000naa2a2200000 4500
001 76551
005 20231031091729.0
035 |a (RuTPU)RU\TPU\book\82034 
090 |a 76551 
100 |a 20050425d2000 k y0rusy50 ca 
101 0 |a rus 
102 |a RU 
200 1 |a Регулируемый электропривод насосной станции  |f А. С. Савков, Л. К. Бурулько 
320 |a Библиогр.: 4 назв. 
463 0 |0 (RuTPU)RU\TPU\book\25688  |t Современные техника и технологии  |o Труды VI международной научно-практической конференции студентов, аспирантов и молодых ученых, 28 февраля - 3 марта 2000 года, Томск  |f М-во образования РФ; ТПУ  |v С. 294-296.  |d 2000  |p 478 с. 
610 1 |a электропривод 
610 1 |a регулируемый электропривод 
610 1 |a насосные станции 
610 1 |a переменный ток 
610 1 |a электрическая нагрузка 
610 1 |a трубопроводы 
610 1 |a модель электропривода 
610 1 |a труды учёных ТПУ 
700 1 |a Савков  |b А. С. 
701 1 |a Бурулько  |b Л. К.  |c специалист в области электротехники  |c доцент Томского политехнического университета, кандидат технических наук  |f 1941-  |g Лев Кириллович  |2 stltpush  |3 (RuTPU)RU\TPU\pers\26523 
801 1 |a RU  |b 63413507  |c 20050425  |g PSBO 
801 2 |a RU  |b 63413507  |c 20150922  |g RCR 
942 |c BK